[Event "Knighthood Blitz"]
[Site "Vishy Anand Arena"]
[Date "2020.08.01"]
[Round "2"]
[White "Ruben1070"]
[Black "Bennyjoseph"]
[Result "0-1"]
[WhiteElo "1297"]
[BlackElo "1620"]
[Annotator "NA"]
[PlyCount "62"]
[EventDate "2020.08.01"]
[EventType "swiss (blitz)"]

1. Nf3 d5 2. d4 f5 3. g3 Nf6 4. Bg2 e6 5. O-O Be7 6. Nc3 O-O 7. Bf4 Nbd7 8. a3 c5 9. Na2 cxd4 10. Qxd4 Bc5 11. Qd1 a5 12. Nc3 b6 13. Na2 Bb7 14. c3 Qe7 15. b4 Bd6 16. bxa5 Bxf4 17. gxf4 Rxa5 18. Nb4 Ne4 19. Qd3 Ndc5 20. Qc2 Qd6 21. e3 Rfa8 22. Qb2 h6 23. Rfd1 Na4 24. Qc2 Naxc3 25. Rd3 Rxa3 26. Rxa3 Rxa3 27. Nxd5 Ra1+ 28. Bf1 exd5 29. Rxc3 Qg6+ 30. Kh1 Rxf1+ 31. Ng1 Qxg1# 0-1

[Event "Knighthood Blitz"]
[Site "Vishy Anand Arena"]
[Date "2020.08.01"]
[Round "2"]
[White "Raunak_Bhatnagar"]
[Black "Mohit chandwani"]
[Result "0-1"]
[WhiteElo "1296"]
[BlackElo "1576"]
[Annotator "NA"]
[PlyCount "72"]
[EventDate "2020.08.01"]
[EventType "swiss (blitz)"]

1. e4 b5 2. Nf3 a6 3. d4 Bb7 4. Bd3 e6 5. a4 bxa4 6. Rxa4 Bc6 7. Ra1 h6 8. Nc3 Bb4 9. O-O Bxc3 10. bxc3 Nf6 11. e5 Ne4 12. Bb2 a5 13. Re1 Ng5 14. h3 Nxf3+ 15. Qxf3 Bxf3 16. gxf3 Qg5+ 17. Kf1 a4 18. Re3 Qh4 19. Ra3 Qxh3+ 20. Ke2 Qh4 21. Kf1 Qe7 22. Ra1 Qd8 23. Ra3 O-O 24. Re4 d6 25. Rg4 dxe5 26. dxe5 Nc6 27. f4 f5 28. exf6 Rxf6 29. Ke2 Qe7 30. Ra1 e5 31. Kd2 Rxf4 32. Rg3 Rxf2+ 33. Kd1 Raf8 34. Rxa4 Qd6 35. Rag4 g5 36. c4 Rf1+ 0-1

[Event "Knighthood Blitz"]
[Site "Vishy Anand Arena"]
[Date "2020.08.01"]
[Round "2"]
[White "Hamza dhariwala"]
[Black "Leorider5143"]
[Result "0-1"]
[WhiteElo "1252"]
[BlackElo "1620"]
[Annotator "NA"]
[PlyCount "110"]
[EventDate "2020.08.01"]
[EventType "swiss (blitz)"]

1. e4 c5 2. Nf3 Nc6 3. d4 cxd4 4. Nxd4 Nxd4 5. Qxd4 e6 6. Nc3 Nf6 7. e5 Ng8 8. Bb5 f6 9. exf6 Qxf6 10. Qxf6 Nxf6 11. O-O Bd6 12. Re1 O-O 13. Ne4 Nxe4 14. Rxe4 a6 15. Bc4 b5 16. Bb3 Bb7 17. Re1 Bc5 18. Be3 Bxe3 19. Rxe3 d5 20. c3 Rae8 21. Bc2 Rf6 22. Rh3 h6 23. Re1 Bc8 24. Rhe3 Ref8 25. Rf1 Bb7 26. b4 Re8 27. f3 e5 28. a4 bxa4 29. Bxa4 Re7 30. Bb3 Rd6 31. f4 e4 32. c4 Bc6 33. cxd5 Rxd5 34. Bxd5+ Bxd5 35. Rd1 Bc4 36. Rd8+ Kh7 37. Rd4 Bd3 38. g4 Rb7 39. g5 hxg5 40. fxg5 Kg6 41. Rg3 Rc7 42. Rd6+ Kh7 43. Rh3+ Kg8 44. Rd8+ Kf7 45. Rdh8 Rc1+ 46. Kg2 Rc2+ 47. Kg3 Rb2 48. R3h7 Rxb4 49. g6+ Kxg6 50. Rh4 Rb3 51. Kg4 Rb4 52. R4h5 Kf7 53. Rf5+ Ke6 54. Rg5 a5 55. Re8+ Kf7 0-1

[Event "Knighthood Blitz"]
[Site "Vishy Anand Arena"]
[Date "2020.08.01"]
[Round "2"]
[White "Ggupta211"]
[Black "RIJUD"]
[Result "1-0"]
[WhiteElo "1212"]
[BlackElo "1138"]
[Annotator "NA"]
[PlyCount "33"]
[EventDate "2020.08.01"]
[EventType "swiss (blitz)"]

1. e4 e6 2. d4 d5 3. Nc3 c5 4. dxc5 Bxc5 5. e5 Nc6 6. Nf3 Bd7 7. Be2 f6 8. Bf4 Qc7 9. Bg3 fxe5 10. O-O Nf6 11. Nh4 O-O 12. Na4 a6 13. Nxc5 b6 14. Nb3 a5 15. a4 e4 16. Bxc7 Ng4 17. Bxg4 1-0

[Event "Knighthood Blitz"]
[Site "Vishy Anand Arena"]
[Date "2020.08.01"]
[Round "2"]
[White "Chesslovers143"]
[Black "Thrish"]
[Result "1-0"]
[WhiteElo "1075"]
[BlackElo "1918"]
[Annotator "NA"]
[PlyCount "39"]
[EventDate "2020.08.01"]
[EventType "swiss (blitz)"]

1. e4 e6 2. d4 d5 3. Nc3 Bb4 4. exd5 exd5 5. Nf3 Ne7 6. Bd3 Nbc6 7. O-O Bg4 8. h3 Bh5 9. a3 Bd6 10. Re1 O-O 11. Bxh7+ Kh8 12. g4 Bxg4 13. hxg4 Kxh7 14. Ng5+ Kg8 15. Qd3 g6 16. Qh3 Kg7 17. Qh7+ Kf6 18. Re6+ fxe6 19. Nge4+ dxe4 20. Nxe4# 1-0

[Event "Knighthood Blitz"]
[Site "Vishy Anand Arena"]
[Date "2020.08.01"]
[Round "2"]
[White "Maiuddhavhoon"]
[Black "MasteredUI"]
[Result "0-1"]
[WhiteElo "1058"]
[BlackElo "2358"]
[PlyCount "58"]
[EventDate "2020.08.01"]
[EventType "swiss (blitz)"]

1. e4 c5 2. Nc3 Nc6 3. g3 g6 4. Bg2 Bg7 5. Nge2 e6 6. O-O Nge7 7. d3 O-O 8. Bg5 h6 9. Be3 b6 10. f4 d5 11. exd5 exd5 12. f5 Nxf5 13. Nf4 Nxe3 14. Nxg6 Nxd1 15. Rfxd1 fxg6 16. Rf1 Bxc3 17. bxc3 Rxf1+ 18. Rxf1 Be6 19. d4 cxd4 20. cxd4 Nxd4 21. c3 Ne2+ 22. Kh1 Nxc3 23. Rf6 Qxf6 24. h3 d4 25. g4 d3 26. h4 d2 27. Bxa8 d1=Q+ 28. Kh2 Qxh4+ 29. Kg2 Qdh1# 0-1

[Event "Knighthood Blitz"]
[Site "Vishy Anand Arena"]
[Date "2020.08.01"]
[Round "3"]
[White "EvilGenius"]
[Black "RATHNAKARAN"]
[Result "1-0"]
[WhiteElo "2730"]
[BlackElo "2164"]
[Annotator "TA"]
[PlyCount "67"]
[EventDate "2020.08.01"]
[EventType "swiss (blitz)"]

1. d4 Nf6 2. c4 c5 3. Nf3 cxd4 4. Nxd4 e5 5. Nb5 d5 6. cxd5 Bc5 7. N5c3 O-O 8. g3 Ng4 9. e3 f5 10. Be2 Nf6 11. Nd2 Kh8 12. O-O Na6 13. Nc4 e4 14. a3 Rb8 15. b4 Bd6 16. Nb5 Bc7 17. d6 Bb6 18. Bb2 Bd7 19. Nxb6 Bxb5 20. Bxb5 Qxb6 21. Ba4 Rbd8 22. Be5 Ng4 23. Bf4 h6 24. h4 Rg8 25. Qd4 Kh7 26. Qxb6 axb6 27. d7 g5 28. hxg5 hxg5 29. Bd6 Rg7 30. Rfd1 Kg6 31. Rac1 Rgxd7 32. Bxd7 Rxd7 33. b5 Nc5 34. Bxc5 1-0

[Event "Knighthood Blitz"]
[Site "Vishy Anand Arena"]
[Date "2020.08.01"]
[Round "3"]
[White "Oligarkh"]
[Black "Viani A Dcunha"]
[Result "1-0"]
[WhiteElo "2675"]
[BlackElo "2243"]
[Annotator "TA"]
[PlyCount "93"]
[EventDate "2020.08.01"]
[EventType "swiss (blitz)"]

1. d4 Nf6 2. c4 g6 3. Nc3 Bg7 4. e4 d6 5. Be2 O-O 6. f4 c5 7. d5 e6 8. Nf3 exd5 9. cxd5 Re8 10. e5 dxe5 11. fxe5 Ng4 12. e6 fxe6 13. Bg5 Qb6 14. Qd2 e5 15. h3 e4 16. hxg4 exf3 17. gxf3 Nd7 18. O-O-O Ne5 19. d6 Be6 20. f4 Nc4 21. Bxc4 Bxc4 22. d7 Red8 23. f5 Bd4 24. Bxd8 Rxd8 25. Qh6 Rxd7 26. Rde1 Bf7 27. Qxh7+ Kf8 28. fxg6 Qxg6 29. Qxg6 Bxg6 30. Ne4 Kg7 31. Ng3 Rd5 32. Re7+ Kf6 33. Re2 b5 34. Ne4+ Bxe4 35. Rxe4 b4 36. Rh6+ Kg7 37. Rh5 Rd8 38. Re7+ Kf6 39. Rxa7 c4 40. Ra6+ Kg7 41. Rg5+ Kf7 42. Rf5+ Ke7 43. Rf3 c3 44. bxc3 bxc3 45. Kc2 Bg7 46. Re3+ Kf7 47. Rf3+ 1-0

[Event "Knighthood Blitz"]
[Site "Vishy Anand Arena"]
[Date "2020.08.01"]
[Round "3"]
[White "Lukiano"]
[Black "Chesslovers143"]
[Result "1-0"]
[WhiteElo "2589"]
[BlackElo "1109"]
[Annotator "NA"]
[PlyCount "43"]
[EventDate "2020.08.01"]
[EventType "swiss (blitz)"]

1. e4 e5 2. d4 Nc6 3. dxe5 Nxe5 4. f4 Nc6 5. Nf3 d6 6. Nc3 Bg4 7. Be3 Bxf3 8. Qxf3 Be7 9. O-O-O Nf6 10. e5 Nd7 11. Bb5 O-O 12. Bxc6 bxc6 13. Qxc6 Rb8 14. Nd5 Nb6 15. Bxb6 axb6 16. Rhe1 Re8 17. Qxc7 Qxc7 18. Nxc7 Rec8 19. exd6 Bxd6 20. Rxd6 Rxc7 21. Rxb6 Rxb6 22. Re8# 1-0

[Event "Knighthood Blitz"]
[Site "Vishy Anand Arena"]
[Date "2020.08.01"]
[Round "3"]
[White "terryr"]
[Black "Devil1234"]
[Result "1-0"]
[WhiteElo "2546"]
[BlackElo "2442"]
[Annotator "NA"]
[PlyCount "189"]
[EventDate "2020.08.01"]
[EventType "swiss (blitz)"]

1. d4 f5 2. Bg5 h6 3. Bh4 g5 4. Bg3 Nf6 5. e3 Bg7 6. h4 g4 7. Ne2 Nh5 8. Nbc3 d6 9. Qd3 c6 10. O-O-O Qa5 11. e4 O-O 12. Nf4 Nxf4 13. Bxf4 fxe4 14. Qxe4 Qf5 15. Be3 Qxe4 16. Nxe4 Nd7 17. h5 d5 18. Ng3 e5 19. c3 exd4 20. cxd4 Nf6 21. Bd3 Bd7 22. Nf5 Bxf5 23. Bxf5 Rae8 24. g3 Ne4 25. Bxe4 Rxe4 26. Kc2 Rf3 27. Rd2 Bf6 28. a3 Kg7 29. Kd1 Rf5 30. Kc2 Bg5 31. Bxg5 Rxg5 32. Kd3 Rf5 33. Rh4 Rf3+ 34. Kc2 Kf6 35. Kd1 Kg5 36. Rh1 a5 37. Kc2 a4 38. Kc1 Rf5 39. Kc2 Rf8 40. Kc1 Rf6 41. Kd1 Re7 42. Kc2 Ref7 43. Rh2 Re6 44. Rh1 Rfe7 45. Kd1 Re4 46. Kc2 Re1 47. Rxe1 Rxe1 48. Kc3 Kxh5 49. Kb4 b5 50. Rc2 Re6 51. Kc5 Kg5 52. Kb6 h5 53. Rxc6 Re2 54. Rc5 Rxf2 55. Rxd5+ Kg6 56. Rxb5 Rf3 57. d5 Rxg3 58. d6 Rf3 59. d7 Rf8 60. Kc7 h4 61. Re5 Rf7 62. Kd6 Rxd7+ 63. Kxd7 g3 64. Re8 Kf5 65. Kd6 g2 66. Rg8 h3 67. Kc5 h2 68. Rxg2 h1=Q 69. Rc2 Qe4 70. Rc4 Qe5+ 71. Kb4 Qxb2+ 72. Kxa4 Ke5 73. Rb4 Qc2+ 74. Ka5 Kd5 75. Rb5+ Kc6 76. Rb4 Kc7 77. Rb5 Qc3+ 78. Ka4 Qc4+ 79. Rb4 Qa6+ 80. Kb3 Kc6 81. Kb2 Kd5 82. Rb3 Qe2+ 83. Kc3 Kc5 84. Rb4 Qe3+ 85. Kb2 Qd2+ 86. Kb3 Qd1+ 87. Kb2 Qe1 88. Kb3 Qc1 89. Ka2 Qc2+ 90. Ka1 Qd3 91. Ka2 Qc3 92. Rb2 Qc4+ 93. Kb1 Kd4 94. Rc2 Ke3 95. Kc1 1-0

[Event "Knighthood Blitz"]
[Site "Vishy Anand Arena"]
[Date "2020.08.01"]
[Round "3"]
[White "Maksim Chigaev"]
[Black "Ambitious"]
[Result "1-0"]
[WhiteElo "2535"]
[BlackElo "2167"]
[Annotator "TA"]
[PlyCount "81"]
[EventDate "2020.08.01"]
[EventType "swiss (blitz)"]

1. e4 e6 2. d4 d5 3. exd5 exd5 4. Nf3 Bd6 5. Bd3 Nc6 6. c3 Nge7 7. O-O Bf5 8. Re1 O-O 9. Bg5 f6 10. Bh4 Qd7 11. b4 Rae8 12. Na3 a6 13. Nc2 Bxd3 14. Qxd3 Qf5 15. Qxf5 Nxf5 16. Bg3 g5 17. a4 b6 18. Nd2 h5 19. Nb3 Bxg3 20. hxg3 Kf7 21. a5 Rxe1+ 22. Nxe1 b5 23. Nc5 Nb8 24. Nc2 Re8 25. Kf1 Nd6 26. Ne3 c6 27. Re1 Ne4 28. Rc1 Nxc5 29. dxc5 Kg6 30. Nc2 Nd7 31. Nd4 Ne5 32. Re1 g4 33. Nxc6 Kf7 34. Nd4 h4 35. gxh4 Rh8 36. g3 Rc8 37. Ke2 Re8 38. Kd1 Nd3 39. Rxe8 Kxe8 40. Ke2 Ne5 41. c6 1-0

[Event "Knighthood Blitz"]
[Site "Vishy Anand Arena"]
[Date "2020.08.01"]
[Round "3"]
[White "V-Bernadskiy"]
[Black "Chessworld1"]
[Result "1-0"]
[WhiteElo "2519"]
[BlackElo "2554"]
[Annotator "TA"]
[PlyCount "133"]
[EventDate "2020.08.01"]
[EventType "swiss (blitz)"]

1. d4 Nf6 2. Nf3 d5 3. Bf4 c5 4. e3 Nc6 5. Nbd2 Bf5 6. c3 cxd4 7. exd4 e6 8. Bb5 Bd6 9. Bxc6+ bxc6 10. Bxd6 Qxd6 11. O-O O-O 12. Nb3 Rab8 13. Qe2 Bg4 14. h3 Bh5 15. Qe5 Qd8 16. Nfd2 a5 17. a4 Bg6 18. Rfc1 Re8 19. Ra2 Nd7 20. Qd6 e5 21. Qxc6 exd4 22. Nxd4 Ne5 23. Qa6 Nd3 24. Rf1 Rxb2 25. Rxb2 Nxb2 26. Qb5 Nd3 27. N2f3 h6 28. Nc6 Qc7 29. Nxa5 Rb8 30. Qxd5 Nf4 31. Qe5 Qxe5 32. Nxe5 Ne2+ 33. Kh2 Ra8 34. Nac6 Rxa4 35. c4 Be4 36. Re1 Bxc6 37. Nxc6 Nc3 38. c5 Rc4 39. Ne7+ Kf8 40. c6 g6 41. Re5 Na2 42. Nd5 Rxc6 43. Re2 Ra6 44. Rc2 Kg7 45. Rc7 Rd6 46. Ne3 Nc3 47. Rxc3 h5 48. Rc2 Re6 49. g3 Rd6 50. h4 Re6 51. Kg2 Rd6 52. Rc4 Ra6 53. Rf4 Re6 54. Rd4 Ra6 55. Rd7 Re6 56. Nc4 Kf8 57. Nd6 Rf6 58. f3 Kg8 59. g4 hxg4 60. fxg4 Kf8 61. Kg3 Rf1 62. g5 Kg8 63. Rd8+ Kh7 64. Ne8 Rg1+ 65. Kf2 Rd1 66. Nf6+ Kg7 67. Rg8# 1-0

[Event "Knighthood Blitz"]
[Site "Vishy Anand Arena"]
[Date "2020.08.01"]
[Round "3"]
[White "Phoenix92"]
[Black "LAXMAN"]
[Result "1/2-1/2"]
[WhiteElo "2501"]
[BlackElo "2445"]
[Annotator "NA"]
[PlyCount "123"]
[EventDate "2020.08.01"]
[EventType "swiss (blitz)"]

1. d4 Nf6 2. c4 e6 3. Nf3 b6 4. g3 Bb7 5. Bg2 g6 6. O-O Bg7 7. d5 O-O 8. Nc3 d6 9. Nd4 e5 10. Nc6 Qe8 11. Nb5 Qd7 12. Nbxa7 e4 13. Bg5 Nxc6 14. Nxc6 Bxc6 15. dxc6 Qxc6 16. b3 Ng4 17. h3 Ne5 18. Qc2 f5 19. Rac1 Rfe8 20. Rfd1 Qc5 21. a4 Qb4 22. Rd5 Nc6 23. Be3 Re5 24. h4 Qa3 25. Qd1 Nb4 26. Rxe5 Bxe5 27. h5 Kg7 28. h6+ Kh8 29. Bd4 Nc6 30. Be3 Nb4 31. Kh2 Re8 32. c5 Na2 33. Qd5 Nxc1 34. Qf7 Rg8 35. cxb6 cxb6 36. Bg5 Qb2 37. b4 Nxe2 38. a5 bxa5 39. bxa5 f4 40. gxf4 Nxf4 41. Bxf4 Bxf4+ 42. Qxf4 Qe5 43. Qxe5+ dxe5 44. Bxe4 Rd8 45. a6 Rd7 46. Bb7 Rd2 47. a7 Rxf2+ 48. Kg3 Ra2 49. a8=Q+ Rxa8 50. Bxa8 Kg8 51. Bd5+ Kh8 52. Kf3 g5 53. Kg4 e4 54. Bxe4 Kg8 55. Kxg5 Kh8 56. Kf6 Kg8 57. Bd5+ Kh8 58. Ke6 Kg8 59. Ke7+ Kh8 60. Be4 Kg8 61. Bf5 Kh8 62. Kf7 1/2-1/2

[Event "Knighthood Blitz"]
[Site "Vishy Anand Arena"]
[Date "2020.08.01"]
[Round "3"]
[White "Nihalsarin"]
[Black "Alanp"]
[Result "1-0"]
[WhiteElo "2490"]
[BlackElo "2466"]
[Annotator "TA"]
[PlyCount "79"]
[EventDate "2020.08.01"]
[EventType "swiss (blitz)"]

1. d4 Nf6 2. c4 e6 3. Nc3 Bb4 4. e3 O-O 5. Bd2 b6 6. Nf3 Bb7 7. Bd3 d6 8. O-O Nbd7 9. a3 Bxc3 10. Bxc3 Ne4 11. Be1 a5 12. Nd2 Nxd2 13. Bxd2 e5 14. d5 Nc5 15. Bc2 a4 16. Bb4 Qd7 17. Rc1 f5 18. f4 e4 19. Kh1 Rf6 20. Rg1 Rg6 21. h3 Bc8 22. Kh2 Qe8 23. Bc3 Rh6 24. Qd4 Qe7 25. Rcf1 Bd7 26. Bd1 b5 27. g4 bxc4 28. g5 Rg6 29. h4 Bb5 30. h5 Nb3 31. Bxb3 cxb3 32. hxg6 Bxf1 33. gxh7+ Kxh7 34. Rxf1 Kg6 35. Kg2 Rh8 36. Qxa4 Rh4 37. Qd4 Qf8 38. Rh1 Rg4+ 39. Kf2 Qa8 40. Qxg7# 1-0

[Event "Knighthood Blitz"]
[Site "Vishy Anand Arena"]
[Date "2020.08.01"]
[Round "3"]
[White "Rasulov Vugar"]
[Black "Gupta_Sankalp"]
[Result "0-1"]
[WhiteElo "2489"]
[BlackElo "2381"]
[Annotator "TA"]
[PlyCount "82"]
[EventDate "2020.08.01"]
[EventType "swiss (blitz)"]

1. d4 e6 2. c4 Nf6 3. Nf3 d5 4. g3 dxc4 5. Bg2 c6 6. O-O b5 7. a4 Bb7 8. Ne5 a6 9. b3 cxb3 10. Bb2 Be7 11. Qxb3 O-O 12. Nc3 Qb6 13. Rac1 Rc8 14. Ne4 Nbd7 15. Ng5 Nxe5 16. dxe5 Nd5 17. h4 c5 18. Rfd1 c4 19. Qf3 Rf8 20. Bd4 Bc5 21. Qe4 g6 22. Bxc5 Qxc5 23. Qg4 h5 24. Qf3 Rab8 25. e4 Nb4 26. g4 Qxe5 27. gxh5 f6 28. hxg6 fxg5 29. Qh5 Qg7 30. Bh3 Rbe8 31. Rd6 Bc8 32. axb5 axb5 33. Rb1 Nd3 34. Qxg5 Nxf2 35. Bg2 Qa7 36. Kh2 Qc7 37. e5 Bb7 38. Bxb7 Qxb7 39. h5 Qf3 40. h6 Qh3+ 41. Kg1 Qh1# 0-1

[Event "Knighthood Blitz"]
[Site "Vishy Anand Arena"]
[Date "2020.08.01"]
[Round "3"]
[White "Visakh"]
[Black "Dust Tornado"]
[Result "0-1"]
[WhiteElo "2477"]
[BlackElo "2820"]
[Annotator "TA"]
[PlyCount "80"]
[EventDate "2020.08.01"]
[EventType "swiss (blitz)"]

1. d4 d5 2. c4 c6 3. cxd5 cxd5 4. Nc3 Nc6 5. Bf4 e5 6. dxe5 d4 7. Ne4 Qa5+ 8. Bd2 Qxe5 9. Ng3 Bg4 10. Qb3 O-O-O 11. Nf3 Qd5 12. Qxd5 Rxd5 13. h3 Be6 14. Ng5 Bb4 15. Nxe6 fxe6 16. Bxb4 Nxb4 17. Rc1+ Kb8 18. a3 Nc6 19. Ne4 Nf6 20. Nc5 e5 21. g4 e4 22. Bg2 Re8 23. Na6+ bxa6 24. Rxc6 h5 25. gxh5 Nxh5 26. e3 dxe3 27. fxe3 Ng3 28. Rg1 Nf5 29. Rc3 Nh4 30. Bh1 Red8 31. Kf2 Rf5+ 32. Ke2 Nf3 33. Rd1 Rxd1 34. Kxd1 Rd5+ 35. Kc1 Rg5 36. Kb1 Rg3 37. Rc2 Rxh3 38. Bg2 Rg3 39. Rf2 g5 40. Kc2 Rxg2 0-1

[Event "Knighthood Blitz"]
[Site "Vishy Anand Arena"]
[Date "2020.08.01"]
[Round "3"]
[White "DusanPopovic"]
[Black "Pranav_vip"]
[Result "1-0"]
[WhiteElo "2463"]
[BlackElo "2412"]
[Annotator "TA"]
[PlyCount "161"]
[EventDate "2020.08.01"]
[EventType "swiss (blitz)"]

1. e4 d5 2. exd5 Nf6 3. Bb5+ Nbd7 4. d4 Nxd5 5. Nf3 g6 6. O-O Bg7 7. Re1 O-O 8. Bf1 c6 9. c4 N5f6 10. Nc3 b6 11. Bf4 Bb7 12. Qd2 Re8 13. Rad1 Nf8 14. Bh6 Qc7 15. Bf4 Qd8 16. h3 Ne6 17. Be3 Qc7 18. Qc1 Rad8 19. g3 a6 20. Bg2 b5 21. b3 Qc8 22. c5 Nc7 23. Ne5 Nfd5 24. Nxd5 Nxd5 25. Bh6 f6 26. Bxg7 Kxg7 27. Nd3 Qc7 28. h4 Bc8 29. Nf4 Nb4 30. a3 e5 31. axb4 exf4 32. Qxf4 Qxf4 33. gxf4 Bb7 34. Re3 Rf8 35. Re6 Rc8 36. Rde1 Rf7 37. Re7 Rd8 38. Rxf7+ Kxf7 39. Rd1 f5 40. Bf3 Kf6 41. Kf1 h6 42. Ke2 g5 43. hxg5+ hxg5 44. fxg5+ Kxg5 45. Ke3 Re8+ 46. Kd3 Kf4 47. Bh1 Rh8 48. Rg1 Rh3+ 49. Ke2 Rxb3 50. Rg7 Bc8 51. Bxc6 Rxb4 52. d5 Re4+ 53. Kd3 Rc4 54. Rc7 Rxc5 55. Rxc8 b4 56. Kd4 Rc1 57. Rb8 a5 58. d6 Rd1+ 59. Kc5 Ke5 60. d7 Rc1+ 61. Kb6 Rd1 62. Kc7 b3 63. Rxb3 a4 64. Rb5+ Kf4 65. Ra5 Rxd7+ 66. Bxd7 a3 67. Rxf5+ Ke4 68. Ra5 Kd4 69. Ra4+ Kc3 70. Rxa3+ Kb4 71. Re3 Kc5 72. Re6 Kd4 73. f4 Kd5 74. f5 Kd4 75. f6 Kc4 76. f7 Kd3 77. f8=Q Kd4 78. Rd6+ Kc3 79. Qf6+ Kb3 80. Qd4 Ka3 81. Qc5+ 1-0

[Event "Knighthood Blitz"]
[Site "Vishy Anand Arena"]
[Date "2020.08.01"]
[Round "3"]
[White "STRANGE"]
[Black "Uzbektiger95"]
[Result "0-1"]
[WhiteElo "2443"]
[BlackElo "2350"]
[Annotator "NA"]
[PlyCount "88"]
[EventDate "2020.08.01"]
[EventType "swiss (blitz)"]

1. c4 c5 2. Nc3 g6 3. g3 Bg7 4. Bg2 Nc6 5. a3 e6 6. b4 Nxb4 7. axb4 cxb4 8. d4 bxc3 9. e3 Ne7 10. Ne2 d5 11. Nxc3 dxc4 12. Qa4+ Bd7 13. Qxc4 Bc6 14. Bxc6+ Nxc6 15. Ba3 Bf8 16. Bxf8 Kxf8 17. O-O Kg7 18. Rfb1 Rc8 19. Qd3 Qe7 20. d5 Rhd8 21. e4 Ne5 22. Qe3 Qf6 23. Ne2 Rc2 24. Nd4 Ng4 25. Nxc2 Nxe3 26. Nxe3 exd5 27. Rxa7 d4 28. Nd5 Qf3 29. Rbxb7 Rc8 30. Rxf7+ Qxf7 31. Rxf7+ Kxf7 32. Kf1 Ke6 33. Ke2 Rc2+ 34. Kd3 Rxf2 35. Kxd4 Rxh2 36. Nf4+ Kf6 37. Nd5+ Kg5 38. e5 Kf5 39. Ne3+ Ke6 40. Ke4 Ra2 41. Nc4 Ra4 42. Kd4 h5 43. Kc5 g5 44. Nb2 Rg4 0-1

[Event "Knighthood Blitz"]
[Site "Vishy Anand Arena"]
[Date "2020.08.01"]
[Round "3"]
[White "Babysnake"]
[Black "vaibhavgautam"]
[Result "1-0"]
[WhiteElo "2418"]
[BlackElo "1630"]
[Annotator "TA"]
[PlyCount "49"]
[EventDate "2020.08.01"]
[EventType "swiss (blitz)"]

1. b3 b6 2. Bb2 Bb7 3. Nf3 Nf6 4. g3 g6 5. Bg2 Bg7 6. O-O O-O 7. c4 c5 8. Nc3 Nc6 9. d4 cxd4 10. Nxd4 Nxd4 11. Bxb7 Rb8 12. Bg2 Nc6 13. Qd2 Qc7 14. Rac1 Rfd8 15. Nd5 Nxd5 16. Bxg7 Kxg7 17. cxd5 Ne5 18. Rxc7 d6 19. Rxe7 Re8 20. Rxe8 Rxe8 21. Qb2 f5 22. f4 Kf7 23. fxe5 dxe5 24. d6 Rd8 25. Qxe5 1-0

[Event "Knighthood Blitz"]
[Site "Vishy Anand Arena"]
[Date "2020.08.01"]
[Round "3"]
[White "Hitter1999"]
[Black "ASB"]
[Result "1-0"]
[WhiteElo "2411"]
[BlackElo "1998"]
[Annotator "NA"]
[PlyCount "51"]
[EventDate "2020.08.01"]
[EventType "swiss (blitz)"]

1. e4 d5 2. exd5 Nf6 3. d4 Bg4 4. f3 Bf5 5. g4 Bg6 6. c4 e6 7. Nc3 exd5 8. g5 Nfd7 9. Nxd5 Nc6 10. Bf4 Bd6 11. Qe2+ Ne7 12. Bxd6 cxd6 13. h4 Nb6 14. Nxe7 Qxe7 15. Qxe7+ Kxe7 16. Nh3 Rhe8 17. Kd2 Kf8 18. Nf4 Bf5 19. Bd3 Bxd3 20. Kxd3 Rac8 21. b3 d5 22. c5 Nd7 23. Rhe1 Red8 24. Rac1 b6 25. c6 Nb8 26. c7 1-0

[Event "Knighthood Blitz"]
[Site "Vishy Anand Arena"]
[Date "2020.08.01"]
[Round "3"]
[White "Debashisdas"]
[Black "Rakeshkul"]
[Result "1-0"]
[WhiteElo "2407"]
[BlackElo "1642"]
[PlyCount "67"]
[EventDate "2020.08.01"]
[EventType "swiss (blitz)"]

1. d4 Nf6 2. c4 c5 3. d5 d6 4. Nc3 a6 5. Nf3 g6 6. e4 Bg7 7. Nd2 Bd7 8. a4 O-O 9. Be2 a5 10. O-O Na6 11. Rb1 Nb4 12. b3 b6 13. Bb2 e5 14. dxe6 fxe6 15. Nb5 Bxb5 16. cxb5 Qe7 17. Nc4 Rab8 18. Qxd6 Qxd6 19. Nxd6 Rfd8 20. Rfd1 Bf8 21. Bxf6 Bxd6 22. Bxd8 Rxd8 23. e5 Be7 24. Rxd8+ Bxd8 25. Rd1 Be7 26. Rd7 Kf7 27. Bc4 Nc2 28. Rb7 Nd4 29. Rxb6 g5 30. Rb7 h5 31. b6 Nc6 32. Rc7 Nd8 33. b7 Nxb7 34. Rxb7 1-0

[Event "Knighthood Blitz"]
[Site "Vishy Anand Arena"]
[Date "2020.08.01"]
[Round "3"]
[White "GM Abadi"]
[Black "Kadamomm"]
[Result "1-0"]
[WhiteElo "2404"]
[BlackElo "1950"]
[Annotator "TA"]
[PlyCount "77"]
[EventDate "2020.08.01"]
[EventType "swiss (blitz)"]

1. d4 Nf6 2. Nf3 g6 3. Nbd2 d5 4. e3 Bg7 5. b4 O-O 6. Bb2 Nbd7 7. c4 c6 8. Be2 a5 9. b5 cxb5 10. cxb5 Nb6 11. O-O Be6 12. Rc1 Rc8 13. Bc3 Nbd7 14. Ng5 Bf5 15. g4 Be6 16. Nxe6 fxe6 17. g5 Ne8 18. Bg4 Qb6 19. Bxa5 Rxc1 20. Qxc1 Qxa5 21. Bxe6+ Kh8 22. Bxd7 Nd6 23. Qb2 Ra8 24. Rc1 Qxa2 25. Qxa2 Rxa2 26. Nf3 h6 27. Be6 Ra5 28. gxh6 Rxb5 29. hxg7+ Kxg7 30. Ne5 Kf6 31. Bg4 Rb2 32. Bf3 b5 33. Bxd5 b4 34. Nc4 Nxc4 35. Bxc4 b3 36. Ra1 Kf5 37. Kg2 Ke4 38. Ra5 Rb1 39. Re5# 1-0

[Event "Knighthood Blitz"]
[Site "Vishy Anand Arena"]
[Date "2020.08.01"]
[Round "3"]
[White "Js3131"]
[Black "Snitin"]
[Result "1/2-1/2"]
[WhiteElo "2399"]
[BlackElo "2205"]
[Annotator "NA"]
[PlyCount "136"]
[EventDate "2020.08.01"]
[EventType "swiss (blitz)"]

1. e4 c5 2. Nf3 e6 3. d4 cxd4 4. Nxd4 a6 5. Bd3 g6 6. Be3 Bg7 7. Nd2 Ne7 8. O-O d5 9. c3 O-O 10. Qe2 Nbc6 11. Rad1 Ne5 12. Bc2 dxe4 13. Nxe4 Nd5 14. Bg5 Qc7 15. Bb3 f6 16. Bc1 b5 17. Nxe6 Bxe6 18. Bxd5 Bxd5 19. Rxd5 Rfe8 20. Bf4 Qc4 21. Qxc4 Nxc4 22. Nd6 Re2 23. Nxc4 bxc4 24. Rb1 Rae8 25. Kf1 f5 26. Be3 Rc2 27. Rd2 Rxd2 28. Bxd2 Be5 29. g3 Kf7 30. Re1 Rd8 31. Bg5 Rd5 32. Ke2 a5 33. Bc1 a4 34. h3 h5 35. Rd1 Rxd1 36. Kxd1 Ke6 37. Kc2 Kd5 38. b3 axb3+ 39. axb3 cxb3+ 40. Kxb3 Ke4 41. c4 Bd4 42. Be3 Bxe3 43. fxe3 g5 44. c5 Kd5 45. Kb4 h4 46. gxh4 g4 47. e4+ Kxe4 48. c6 g3 49. c7 g2 50. c8=Q g1=Q 51. Qe6+ Kf4 52. Qh6+ Ke4 53. Qg5 Qd4+ 54. Kb5 f4 55. h5 Qd3+ 56. Kc6 Qc4+ 57. Kd6 Qd4+ 58. Ke6 f3 59. Qg4+ Ke3 60. Qxd4+ Kxd4 61. h6 f2 62. h7 f1=Q 63. h8=Q+ Kc4 64. Qe5 Qxh3+ 65. Kd6 Qd3+ 66. Ke7 Qd4 67. Qe6+ Qd5 68. Qxd5+ Kxd5 1/2-1/2

[Event "Knighthood Blitz"]
[Site "Vishy Anand Arena"]
[Date "2020.08.01"]
[Round "3"]
[White "Pabh"]
[Black "Aradhya"]
[Result "1/2-1/2"]
[WhiteElo "2398"]
[BlackElo "2243"]
[PlyCount "130"]
[EventDate "2020.08.01"]
[EventType "swiss (blitz)"]

1. e4 e5 2. Nf3 Nc6 3. Bb5 a6 4. Ba4 Nf6 5. O-O b5 6. Bb3 Bc5 7. a4 Rb8 8. Nxe5 Nxe5 9. d4 Bxd4 10. Qxd4 d6 11. f3 O-O 12. Bf4 Nc6 13. Qd2 Be6 14. axb5 axb5 15. Nc3 Bxb3 16. cxb3 Nd7 17. Nd5 Nc5 18. Qd1 Ne6 19. Bg3 Ra8 20. Rc1 Ncd4 21. Nxc7 Ra2 22. Nxe6 Nxe6 23. Rf2 Qg5 24. f4 Qh6 25. Qxd6 Qf6 26. f5 Ng5 27. e5 Qxd6 28. exd6 Ne4 29. Re2 Nxg3 30. hxg3 Ra7 31. Rc7 Ra1+ 32. Kf2 Rd8 33. d7 Raa8 34. Kf3 Kf8 35. g4 h5 36. gxh5 f6 37. g4 Kf7 38. Kf4 Ra1 39. g5 Rf1+ 40. Ke4 fxg5 41. Kd5 Rxf5+ 42. Kc6 Rf6+ 43. Kxb5 Rd6 44. Kc5 R6xd7 45. Rxd7+ Rxd7 46. b4 Rc7+ 47. Kb6 Rc4 48. b5 g4 49. Ka7 Ra4+ 50. Kb7 Rb4 51. b6 Kf6 52. Kc7 Kg5 53. b7 Rc4+ 54. Kb6 Rb4+ 55. Kc6 g3 56. Re5+ Kh4 57. Re7 Kxh5 58. Rxg7 Kh4 59. Kc7 Rxb2 60. Rh7+ Kg4 61. Rh6 Rxb7+ 62. Kxb7 Kf3 63. Rg6 g2 64. Kc6 Kf2 65. Rxg2+ Kxg2 1/2-1/2